| 000 | 00506nam a22001697a 4500 | ||
|---|---|---|---|
| 008 | 230309b |||||||| |||| 00| 0 eng d | ||
| 020 | _a9780199476183 | ||
| 082 | _a809.933/G32o | ||
| 100 | _aGarrard, Greg.ed. | ||
| 245 | _aThe oxford handbook of ecocriticism | ||
| 260 |
_aNew Delhi: _bOxford University Press, _c2017. |
||
| 300 | _bxvii,577p. | ||
| 504 | _aBibliography at the end of each chapter. | ||
| 650 | _aEcocriticism in literature | ||
| 650 | _aEcology in literature | ||
| 942 |
_2ddc _cGEN |
||
| 999 |
_c108352 _d108340 |
||